Countries With the Most Giraffes - Statistics

General Stats
  • This quiz has been taken 16 times
  • The average score is 10 of 12
Answer Stats
Population Answer % Correct
2,000 C.A.R
100%
34,240 Kenya
93%
22,460 Tanzania
93%
7,000 Botswana
86%
8,500 Ethiopia
86%
12,000 Namibia
86%
13,000 South Africa
86%
1,000 Chad
79%
2,100 Uganda
79%
2,600 Zambia
79%
4,800 Zimbabwe
79%
2,000 Cameroon
64%
No matching quizzes found
Score Distribution
Percent of People with Each Score
Percentile by Number Answered
Your Score History
You have not taken this quiz